| 000 | 00852cam a22002531 4500 | ||
|---|---|---|---|
| 999 |
_c27860 _d27860 |
||
| 001 | 10335190 | ||
| 003 | OSt | ||
| 005 | 20170211094844.0 | ||
| 008 | 730412s1965 nyua 000 0 eng | ||
| 010 | _a 65027472 | ||
| 035 | _a(OCoLC)602278 | ||
| 040 |
_aDLC _cOClU _dOCoLC _dDLC |
||
| 042 | _apremarc | ||
| 050 | 0 | 0 |
_aND1210 _b.S3 1965 |
| 082 | _a759 | ||
| 100 | 1 | _aSchwartz, Paul Waldo | |
| 245 | 1 | 0 |
_aGreat paintings of all time; _b100 masterpieces from the early Renaissance to abstract expressionism. _cIntrod. by Sir John Rothenstein. |
| 260 |
_aNew York, _bSimon and Schuster _c[1965] |
||
| 300 |
_a208 p. _bcol. illus. _c25 cm. |
||
| 650 | 0 | _aPainting. | |
| 906 |
_a7 _bcbc _coclcrpl _du _encip _f19 _gy-gencatlg |
||
| 942 |
_2lcc _cBOOKS _hND 1210 .S3 1965 |
||